Greatest Military Leaders of All Time - Statistics

General Stats
  • This quiz has been taken 196 times
  • The average score is 8 of 20
Answer Stats
Answer % Correct
Napoleon Bonaparte
89%
Alexander the Great
83%
Julius Caesar
78%
Genghis Khan
71%
Hannibal Barca
54%
George Washington
46%
Arthur Wellesley 1st Duke of Wellington
40%
Erwin Rommel
38%
Charlemagne
30%
Scipio Africanus
30%
Frederick the Great
28%
Georgy Zhukov
28%
Attila the Hun
27%
Saladin
27%
Cyrus the Great
26%
Sun Tzu
22%
Khalid ibn al-Walid
14%
Gustavus Adolphus
13%
Subutai
5%
Philip II of Macedon
3%
No matching quizzes found
Score Distribution
Percent of People with Each Score
Percentile by Number Answered
Your Score History
You have not taken this quiz